| 000 | 02621ncm0a2200433 4500 | ||
|---|---|---|---|
| 001 | RU\NLR\ONIZ\208769 | ||
| 005 | 20260406140244.0 | ||
| 035 | _a(NLR Aleph) 010889638 | ||
| 090 |
_a10545215 _c10545215 |
||
| 100 | _a20150209d1945 u y0rusy50 ca | ||
| 101 | 0 | _arus | |
| 102 | _aRU | ||
| 125 | _azx | ||
| 128 | _asg | ||
| 145 | 0 | _ac | |
| 200 | 1 |
_aПалиён _bНоты _e(Песня о бегстве Наполеона) _e"Палиён в Россею рвался..." _eрус. нар. песня о войне 1812 _eдля голоса с фп. _fобраб. А. Мосолова _gлит. обраб. текста А. Новикова |
|
| 210 |
_aМосква _cСоюз советских композиторов, Музыкальный фонд СССР _d1945 |
||
| 215 |
_a9 с. _d26 см |
||
| 313 | _aСистематизация документа проведена по изданию - Методика классифицирования музыкальных произведений (нотных изданий) по таблицам Библиотечно-библиографических классификаций : метод. рекомендации / Гос. б-ка СССР им. В.И. Ленина.- М., 1977. Индексу ББК методических рекомендаций присваивается код ББК для научных библиотек - LBC/SL | ||
| 600 | 1 |
_aНаполеон _gБонапарт _bБ. _f1769-1821 _cимп. фр. _xМузыкальные интерпретации _2nlr_sh _7ca |
|
| 606 | 1 |
_aОтечественная война 1812 года _xМузыкальные интерпертации _2nlr_sh |
|
| 686 |
_aЩ943.4-42-092(2Р=Рус)-412.2 _vLBC/SL _2rubbk |
||
| 686 |
_aЩ92(2Р=Рус)-412.2 _vLBC/SL _2rubbk |
||
| 700 | 1 |
_9z01790 _aМосолов _bА.В. _f1900-1973 _gАлександр Васильевич _4230 _7ca |
|
| 702 | 0 |
_4280 _8rus _7ca _aНаполеон _cимператор французский _dI _f1769-1821 _3RU\NLR\AUTH\772913 _9112920 |
|
| 702 | 1 |
_9z08790 _aНовиков _bА. _4570 |
|
| 790 | 0 |
_9z07702 _aНаполеон Бонапарт _f1769-1821 _4280 |
|
| 790 | 1 |
_9z01700 _aMosolov _bA. V. _ccomposer _f1900-1973 _gAleksandr Vasil'evič _4230 _7ba |
|
| 790 | 1 |
_9z08702 _aNovikov _bA. _4570 |
|
| 801 | 0 |
_aRU _bNLR _c20150209 _gPSBO |
|
| 801 | 1 |
_aRU _bNLR _c20150209 _2rusmarc |
|
| 801 | 2 |
_aRU _bNLR _c20160802 |
|
| 852 |
_aNLR _gМ _j280-3/1467 _m63074 _t1 |
||
| 942 | _cSCORE | ||
| 945 | _aРоссийская национальная библиотека | ||
| 980 | _aNB | ||
| 980 | _aBV | ||
| 980 | _aONIZ | ||